000 00352nam a2200145Ia 4500
008 230312s9999||||xx |||||||||||||| ||und||
082 _a615.7
_bSHA-A
100 _aShargel, Leon
245 0 _aApplied Biopharmaceutics & Pharmacokinetics
260 _bMcGrawHill
300 _a892
546 _aEng.
650 _aPharmacy
_vPharmaceutics
942 _cBK
999 _c6076
_d6076